|
|
|
|
| LEADER |
00000nam0a2200000 4500 |
| 001 |
244453 |
| 005 |
20240213111830.0 |
| 035 |
|
|
|a (RuTPU)RU\TPU\book\265837
|
| 090 |
|
|
|a 244453
|
| 100 |
|
|
|a 20131023d2013 m y0rusy50 ca
|
| 101 |
0 |
|
|a rus
|
| 102 |
|
|
|a RU
|
| 105 |
|
|
|a a j 001zy
|
| 200 |
1 |
|
|a Технические средства систем автоматики и управления
|e учебное пособие
|f В. Н. Скороспешкин, М. В. Скороспешкин
|g Национальный исследовательский Томский политехнический университет (ТПУ)
|
| 210 |
|
|
|a Томск
|c Изд-во ТПУ
|d 2013
|
| 215 |
|
|
|a 219 с.
|c ил.
|
| 320 |
|
|
|a Библиогр.: с. 216-218.
|
| 330 |
|
|
|a В пособии дана характеристика государственной системы приборов, рассмотрены средства измерения технологических параметров, промышленные исполнительные устройства и вторичные аналоговые и цифровые приборы. В разделе, посвященном промышленным микропроцессорным контроллерам, описаны их особенности, основные характеристики и языки программирования. Предназначено для студентов, обучающихся по направлению 220400 «Управление в технических системах».
|
| 452 |
|
1 |
|0 (RuTPU)RU\TPU\book\267939
|t Технические средства систем автоматики и управления
|o учебное пособие
|f В. Н. Скороспешкин, М. В. Скороспешкин
|g Национальный исследовательский Томский политехнический университет (ТПУ), Институт кибернетики (ИК), Кафедра автоматики и компьютерных систем (АИКС)
|c Томск
|n Изд-во ТПУ
|d 2013
|a Скороспешкин, Владимир Николаевич
|
| 606 |
1 |
|
|a Контрольно-измерительные инструменты и приборы
|2 stltpush
|3 (RuTPU)RU\TPU\subj\15519
|9 41754
|
| 610 |
1 |
|
|a технические измерения
|
| 610 |
1 |
|
|a метрологические основы
|
| 610 |
1 |
|
|a средства измерения
|
| 610 |
1 |
|
|a давление
|
| 610 |
1 |
|
|a уровень
|
| 610 |
1 |
|
|a расход
|
| 610 |
1 |
|
|a температура
|
| 610 |
1 |
|
|a дифманометры
|
| 610 |
1 |
|
|a манометры
|
| 610 |
1 |
|
|a деформационные приборы
|
| 610 |
1 |
|
|a электрические преобразователи
|
| 610 |
1 |
|
|a уровнемеры
|
| 610 |
1 |
|
|a расходомеры
|
| 610 |
1 |
|
|a термометры
|
| 610 |
1 |
|
|a вторичные аналоговые приборы
|
| 610 |
1 |
|
|a вторичные цифровые приборы
|
| 610 |
1 |
|
|a исполнительные устройства
|
| 610 |
1 |
|
|a промышленные микропроцессорные контроллеры
|
| 610 |
1 |
|
|a учебные пособия
|
| 610 |
1 |
|
|a труды учёных ТПУ
|
| 675 |
|
|
|a 681.2(075.8)
|v 3
|
| 700 |
|
1 |
|a Скороспешкин
|b В. Н.
|c специалист в области информатики и вычислительной техники
|c доцент Томского политехнического университета, кандидат технических наук
|f 1951-
|g Владимир Николаевич
|3 (RuTPU)RU\TPU\pers\26808
|9 12433
|
| 701 |
|
1 |
|a Скороспешкин
|b М. В.
|c специалист в области информатики и вычислительной техники
|c доцент Томского политехнического университета, инженер, кандидат технических наук
|f 1980-
|g Максим Владимирович
|3 (RuTPU)RU\TPU\pers\25411
|9 11353
|
| 712 |
0 |
2 |
|a Национальный исследовательский Томский политехнический университет (ТПУ)
|c (2009- )
|3 (RuTPU)RU\TPU\col\15902
|
| 801 |
|
1 |
|a RU
|b 63413507
|c 20131023
|
| 801 |
|
2 |
|a RU
|b 63413507
|c 20140109
|g RCR
|
| 942 |
|
|
|c BK
|